THUS SPAKE BAPU OR DIALOGUE BETWEEN GANDHI (Record no. 27749)
[ view plain ]
| 000 -LEADER | |
|---|---|
| fixed length control field | 00310nam a22001337a 4500 |
| 003 - CONTROL NUMBER IDENTIFIER | |
| control field | SGT |
| 082 ## - DEWEY DECIMAL CLASSIFICATION NUMBER | |
| Classification number | 350.954 |
| Item number | T85G |
| 100 ## - MAIN ENTRY--PERSONAL NAME | |
| Personal name | GIJRAL, M.L. |
| 245 ## - TITLE STATEMENT | |
| Title | THUS SPAKE BAPU OR DIALOGUE BETWEEN GANDHI |
| 260 ## - PUBLICATION, DISTRIBUTION, ETC. (IMPRINT) | |
| Name of publisher, distributor, etc | GANDHI PEACE FOUNDATION |
| Year of Publication | 1985 |
| 300 ## - PAGE DESCRIPTION | |
| No. of Pages | 168 |
| 650 ## - SUBJECT ADDED ENTRY--TOPICAL TERM | |
| Topical term or geographic name as entry element | SOCIAL SCIENCE |
| 942 ## - ADDED ENTRY ELEMENTS (KOHA) | |
| Source of classification or shelving scheme | Dewey Decimal Classification |
| Koha item type | Books |
| Withdrawn status | Lost status | Source of classification or shelving scheme | Damaged status | Not for loan | Home library | Current library | Shelving location | Date acquired | SGTU | Total Checkouts | Full call number | Accession No. (Barcode) | Date last seen | Bill Date | Koha item type |
|---|---|---|---|---|---|---|---|---|---|---|---|---|---|---|---|
| Dewey Decimal Classification | Not For Loan | SGT Chancellor's Library | SGT Chancellor's Library | Reference Book | 23/11/2024 | SGTU | 350.954 T85G | CH805 | 23/11/2024 | 23/11/2024 | Books |